000 00761nam a2200193 a 4500
008 090318s2001 ||||||||||||||||| || u
020 _a1555582311
050 _aQA 76.9.D343 Del
100 _aDelmater, Rhonda
245 1 0 _aData mining explained: a manager's guide to customer-centric business intelligence.
_cRhonda Delmater and Monte Hancock
260 _aBoston
_bDigital Press
_c2001
300 _axix, 392p.: ill.
350 _a0.00
650 _aELECTRONIC DATA PROCESSING--DATA PREPARATION
650 _aCOMPUTING
650 _aDATA MINING
700 _aHancock, Monte
995 _D0.00
_FCBU-MAIN LIBRARY (Kitwe)
_H1
_I0.00
_M1
_UAVAILABLE
_WApr 15, 2009
_ZMain Library Open Access Collection
999 _c39405
_d39405